Statistics for Germanic European countries :)

Click here to take the quiz!

General Stats

  • This quiz has been taken 23 times
  • The average score is 2 of 8

Answers on the Map

Answers color-coded by a green-red scale on the quiz's map according to % correct below.
 

Answer Stats

Answer% Correct
Germany
43%
Netherlands
29%
Norway
29%
Sweden
29%
Uk
21%
Switzerland
14%
Austria
7%
Belgium
7%

Score Distribution

Percentile by Number Answered

Percent of People with Each Score

Your Score History

You have not taken this quiz